Transparência na administração pública : (Record no. 1254)

MARC details
000 -LÍDER
Campo Fixo de Controle 00829nam a2200241 a 4500
001 - NÚMERO DE CONTROLE
Campo de Controle 1254
003 - IDENTIFICAÇÃO DO NÚMERO DE CONTROLE
Campo de Controle BR-CuiBMT
005 - DATA E HORA DA ÚLTIMA ATUALIZAÇÃO
Campo de Controle 20231206235105.0
008 - DADOS FIXOS
Dados Fixos 231201s2007 mtba 000 0 por d
040 ## - AGÊNCIA CATALOGADORA
Código da Agência Catalogadora BR-CuiBMT
Agência que transcreveu o registro BR-CuiBMT
080 ## - Nº DA CLASSIFICAÇÃO DECIMAL UNIVERSAL
Nº Class. CDU 351.9
Nº edição CDU 2007
090 ## - NÚMERO DE CHAMADA
Complemento TCE/MT
Nº classificação 351.9
Cutter M433t
110 ## - ENTRADA PRINCIPAL -- ENTIDADE
Nome da entidade ou lugar Mato Grosso.
Unidade subordinada Tribunal de Contas do Estado.
245 10 - TÍTULO PRINCIPAL
Título principal Transparência na administração pública :
Indicação de responsabilidade a serviço da cidadania /
Subtítulo Tribunal de contas do Estado.
260 ## - PUBLICAÇÃO, DISTRIBUIÇÃO, ETC.
Local de publicação Cuiabá :
Editora TCE,
Data 2007.
300 ## - DESCRIÇÃO FÍSICA
N. páginas ou volumes 47 p. :
Ilustrações il.
Dimensões 21 cm
650 ## - ASSUNTO TÓPICO
Cabeçalho tópico ou nome geográfico Administração pública
Subdivisão geográfica Mato Grosso
650 ## - ASSUNTO TÓPICO
Cabeçalho tópico ou nome geográfico Gestão pública
Subdivisão geral Mato Grosso
650 ## - ASSUNTO TÓPICO
Cabeçalho tópico ou nome geográfico Gestão fiscal
Subdivisão cronológica Brasil
650 ## - ASSUNTO TÓPICO
Cabeçalho tópico ou nome geográfico Administração pública
Subdivisão geral fiscalização
-- Controle
Subdivisão geográfica Brasil
650 ## - ASSUNTO TÓPICO
Cabeçalho tópico ou nome geográfico Administração pública
Subdivisão geral Controle
Subdivisão geográfica Brasil
942 ## - ELEMENTOS DE ENTRADA ADICIONAIS (KOHA)
Fonte de classificação ou esquema de arquivamento Classificação Decimal Universal
Tipo de item do Koha Livros
Holdings
Estado: removido Estado: perdido Fonte de classificação ou esquema de arquivamento Estado: danificado Indisponível para empréstimo Localização permanente Localização atual Data de aquisição Total Checkouts Número de Chamada completo Código de barras Date last seen Número do exemplar Preço efetivo a partir de Tipo de item (Koha)
    Classificação Decimal Universal     Biblioteca da Escola Superior de Contas do TCE/MT Biblioteca da Escola Superior de Contas do TCE/MT 06/12/2023   TCE/MT 351.9 M433t BIBTCEMT23120294 06/12/2023 Ex. 1 06/12/2023 Livros
    Classificação Decimal Universal     Biblioteca da Escola Superior de Contas do TCE/MT Biblioteca da Escola Superior de Contas do TCE/MT 15/12/2023   TCE/MT 351.9 M433t BIBTCEMT23120624 15/12/2023 Ex. 2 15/12/2023 Livros

Powered by Koha